| 000 | 00851nab a2200253 a 4500 | ||
|---|---|---|---|
| 005 | 20210219162207.0 | ||
| 008 | 991125s1985 mx 000 0 spa u | ||
| 035 | _aUPN01000199636 | ||
| 049 | _aART | ||
| 100 | 1 | _aBorgeaud Garciandía, Natacha | |
| 100 | 1 | _unatachgb@gmail.com | |
| 100 | 1 |
_aLautier, Bruno, _d1948-2013 |
|
| 222 | _aREVISTA MEXICANA DE SOCIOLOGIA | ||
| 245 | _aLa personalización de la relación de dominación laboral : las obreras de las maquilas y las empleadas domésticas en América Latina | ||
| 300 | _a89-113 | ||
| 362 | 0 | _a2014 Año 76, no. 1, ene.-mar. | |
| 653 | 0 | _aMAQUILADORAS | |
| 653 | 0 | _aTRABAJO DOMESTICO | |
| 653 | 0 | _aPATERNALISMO | |
| 653 | 0 | _aDOMINACION | |
| 856 | 4 | _uhttp://www.redalyc.org/articulo.oa?id=32129681004 | |
| 856 | 4 | _uhttp://www.iis.unam.mx/pdfs/rms1_2014.pdf | |
| 905 | _aArticulo | ||
| 999 |
_c171737 _d171737 |
||